Proč jsme Západ? Česko, Evropa a Západ mezi minulostí a budoucností

Uložené v:
Podrobná bibliografia
Hlavný autor: Hlaváček, Petr
Ďalší autori: Bělohradský, Václav, Putna, Martin C.
Médium: Kniha
Jazyk:Czech
Vydavateľské údaje: Praha Filozofická fakulta Univerzity Karlovy v Praze 2016
Predmet:
Tagy: Pridať tag
Žiadne tagy, Buďte prvý, kto otaguje tento záznam!

MARC

LEADER 00000nam a2200000 4500
001 0222894
005 20231215114554.4
020 |a 978-80-7308-669-5 
041 0 |a cze 
044 |a CZ 
245 1 0 |a Proč jsme Západ?  |b Česko, Evropa a Západ mezi minulostí a budoucností  |c Petr Hlaváček et al. 
264 1 |a Praha  |b Filozofická fakulta Univerzity Karlovy v Praze  |c 2016 
300 |a 317 s. 
610 2 0 |a geopolitika 
610 2 0 |a politika medzinárodná 
610 2 0 |a vzťahy politické medzinárodné 
610 2 0 |a kríza hospodárska 
610 2 0 |a Európa 
610 2 0 |a Česko 
610 2 0 |a Rusko 
100 1 |a Hlaváček, Petr 
700 1 |a Bělohradský, Václav 
700 1 |a Putna, Martin C.